<Die> Märkte für Schlachtvieh und Fleisch.

Svetový trh hovädzieho, teľacieho a byvolieho mäsa v r. 1992. Bravčové mäso na svetových trhoch. Vývoj cien bravčového mäsa. Baranie, jahňacie a kozacie mäso. Trh jatočného dobytka a mäsa ES a v Nemecku v r. 1992. Výroba a zahraničný obchod.

Enregistré dans:
Détails bibliographiques
Auteur principal: Probst, F.-W
Format: Chapitre de livre
Langue:allemand
Sujets:
Tags: Ajouter un tag
Pas de tags, Soyez le premier à ajouter un tag!

MARC

LEADER 00000naa a2200000 4500
001 r011787
005 20220826094515.7
041 0 |a ger 
044 |a DE 
245 1 0 |a <Die> Märkte für Schlachtvieh und Fleisch.  |c F.-W. Probst 
520 |a Svetový trh hovädzieho, teľacieho a byvolieho mäsa v r. 1992. Bravčové mäso na svetových trhoch. Vývoj cien bravčového mäsa. Baranie, jahňacie a kozacie mäso. Trh jatočného dobytka a mäsa ES a v Nemecku v r. 1992. Výroba a zahraničný obchod. 
610 2 0 |a mäso 
610 2 0 |a trh svetový 
610 2 0 |a ceny 
610 2 0 |a trh vnútorný 
610 2 0 |a Európske spoločenstvá 
610 2 0 |a Nemecko 
610 2 0 |a výroba 
610 2 0 |a obchod zahraničný 
610 2 0 |a 1992 
610 2 0 |a 1987-1993 
610 2 0 |a údaje štatistické 
100 1 |a Probst, F.-W.